Simulácia technologických procesov pomocou prostredia SIMIT

Uložené v:
Podrobná bibliografia
Hlavný autor: Durdy, František (Autor)
Ďalší autori: Mrafko, Leo (Vedúci práce)
Médium: Rukopis Kniha
Jazyk:Slovak
Vydavateľské údaje: 2017
Predmet:
On-line prístup:http://is.stuba.sk/zp/portal_zp.pl?podrobnosti=130999
Tagy: Pridať tag
Žiadne tagy, Buďte prvý, kto otaguje tento záznam!

MARC

LEADER 00000ntm a22000003a 4500
001 stuzp61094
003 SK-STU
005 20170626140839.9
007 ta
008 150427s2015----xo-----f-mn---000-0-slo-d
040 |a STU  |b slo 
041 0 |a slo 
044 |a xo 
100 1 |a Durdy, František  |u 031000  |4 aut  |U FEI Fakulta elektrotechniky a informatiky  |T FEI Ústav robotiky a kybernetiky  |X 47335  |U E011  |Y 356  |7 47335 
242 0 1 |a Simulation of technological processes using SIMIT simulation framework  |y eng 
245 1 0 |a Simulácia technologických procesov pomocou prostredia SIMIT 
260 |c 2017 
300 |a 76 s., príl.,  |b CD-ROM 
650 4 |a SIMIT  |2 slo 
650 4 |a PLC  |2 slo 
650 4 |a PLCSIM  |2 slo 
650 4 |a simulácia  |2 slo 
650 4 |a PLCSIM  |2 eng 
650 4 |a SIMIT  |2 eng 
650 4 |a PLC  |2 eng 
650 4 |a simulation  |2 eng 
700 1 |a Mrafko, Leo  |u 031000  |k Z8  |4 ths  |U FEI Fakulta elektrotechniky a informatiky  |T FEI Ústav robotiky a kybernetiky  |X 4972  |U E011  |Y 356  |7 A000004972 
856 4 |u http://is.stuba.sk/zp/portal_zp.pl?podrobnosti=130999 
996 |b 284EP11601  |c E*DIPL- 11601  |l EE31  |s P  |a 0  |w stuzp61094_0001